Visualizzazione normale
Vista MARC
- Fondazione promozione sociale
di Personal Name
Records bibliografici associati: 1
001 - CONTROL NUMBER
- control field: 60201
003 - CONTROL NUMBER IDENTIFIER
- control field:
005 - DATE AND TIME OF LATEST TRANSACTION
- control field: 20230906124122.0
008 - FIXED-LENGTH DATA ELEMENTS
- fixed length control field: 230906|| aca||aabn | a|a d
040 ## - CATALOGING SOURCE
- Original cataloging agency:
- Transcribing agency:
100 ## - HEADING--PERSONAL NAME
- Personal name: Fondazione promozione sociale
670 ## - SOURCE DATA FOUND
- Source citation: Work cat.: ()359794: Fondazione promozione sociale, Memoriale delle vittime dell'emarginazione sociale., 2022